Historia de la teoría política

I tiakina i:
Ngā taipitopito rārangi puna kōrero
Ngā kaituhi matua: Vallespín, Fernando (Author), Arce, Javier (Author), Barcala Muñoz, Andrés (Author), Viguera Molins, María Jesús (Author)
Ētahi atu kaituhi: García Gual, Carlos (autor)
Hōputu: Pukapuka
Reo:Pāniora
I whakaputaina: Madrid Alianza Editorial 2002
Putanga:1a. ed
Rangatū:El Libro de Bolsillo. Ciencia Política, 3412
Ngā marau:
Ngā Tūtohu: Tāpirihia he Tūtohu
Kāore He Tūtohu, Me noho koe te mea tuatahi ki te tūtohu i tēnei pūkete!

MARC

LEADER 00000cam a2200000 a 4500
001 UCD7380
003 CL-VaPUC
008 170317e20020000sp |||||||||||||||||spa|d
020 |a 9788420644967o.c 
020 |a 9788420673042v.1 
020 |a 9788420673059v.2 
020 |a 9788420673066v.3 
020 |a 9788420673073v.4 
020 |a 9788420673080v.5 
020 |a 9788420673097v.6 
082 0 4 |a 320.01  |b VAL  |2 21 
100 0 |a Vallespín, Fernando  |e author  |9 591398 
700 |a García Gual, Carlos  |e autor  |9 595619 
700 0 |a Arce, Javier  |e author  |9 591400 
700 0 |a Barcala Muñoz, Andrés  |e author  |9 591401 
700 0 |a Viguera Molins, María Jesús  |e author  |9 591402 
245 1 0 |a Historia de la teoría política 
250 |a 1a. ed 
300 |a v 
942 |c BK 
945 |d 20170317 22:16:00  |a arojas 
260 |a Madrid  |b Alianza Editorial  |c 2002 
650 0 |a Historia política  |9 256974 
650 0 |a Ciencias Políticas  |9 255201 
650 7 |a FILOSOFIA POLITICA  |2 CL-VaPUC  |9 591403 
583 |a last modification  |c 20170317 22:16:00  |k Rodrigo Vera 
490 0 |a El Libro de Bolsillo. Ciencia Política, 3412 
999 |c 367441  |d 367439 
952 |0 0  |1 0  |3 erb  |4 0  |6 320_010000000000000_VAL_2002  |7 0  |8 A  |9 482309  |a BIBEDU  |b BIBEDU  |h v.1  |i 5367565  |o 320.01 VAL 2002  |p 5367565  |r 2019-11-24  |w 2019-11-24  |y BK  |z Catalogado en:20170317  |k FIL 
952 |0 0  |1 0  |3 erb  |4 0  |6 320_010000000000000_VAL_2002  |7 0  |8 A  |9 482310  |a BIBEDU  |b BIBEDU  |h v.2  |i 5367573  |o 320.01 VAL 2002  |p 5367573  |r 2019-11-24  |w 2019-11-24  |y BK  |z Catalogado en:20170317  |k FIL 
952 |0 0  |1 0  |3 erb  |4 0  |6 320_010000000000000_VAL_2002  |7 0  |8 A  |9 482311  |a BIBEDU  |b BIBEDU  |h v.3  |i 5367581  |o 320.01 VAL 2002  |p 5367581  |r 2019-11-24  |w 2019-11-24  |y BK  |z Catalogado en:20170317  |k FIL 
952 |0 0  |1 0  |3 erb  |4 0  |6 320_010000000000000_VAL_2002  |7 0  |8 A  |9 482312  |a BIBEDU  |b BIBEDU  |h v.4  |i 536759K  |o 320.01 VAL 2002  |p 536759K  |r 2019-11-24  |w 2019-11-24  |y BK  |z Catalogado en:20170317  |k FIL 
952 |0 0  |1 0  |3 erb  |4 0  |6 320_010000000000000_VAL_2002  |7 0  |8 A  |9 482313  |a BIBEDU  |b BIBEDU  |h v.5  |i 5367603  |o 320.01 VAL 2002  |p 5367603  |r 2019-11-24  |w 2019-11-24  |y BK  |z Catalogado en:20170317  |k FIL 
952 |0 0  |1 0  |3 erb  |4 0  |6 320_010000000000000_VAL_2002  |7 0  |8 A  |9 482314  |a BIBEDU  |b BIBEDU  |h v.6  |i 5367611  |o 320.01 VAL 2002  |p 5367611  |r 2019-11-24  |w 2019-11-24  |y BK  |z Catalogado en:20170317  |k FIL 
952 |0 0  |1 0  |2 ddc  |4 0  |6 320_010000000000000_VAL_2002  |7 0  |8 A  |9 577137  |a BIBHIS  |b BIBHIS  |d 2020-12-15  |h v.2  |i 557966K  |o 320.01 VAL 2002  |p 557966K  |r 2025-01-20  |t 2  |w 2020-12-15  |y BK  |k HIS